000 00593nam a2200193Ia 4500
003 GCL
008 140319s9999 xx 000 0 ara d
020 _a2392900997
040 _aGCL /
_cGCL
082 0 4 _a667.6
_bح م
100 1 _aحسين محمد جمعة
245 1 0 _aموسوعة الدهانات والورنيشات المعمارية والصناعية /
_cحسين محمد جمعة
300 _a250 ص ؛
_c24 سم
650 0 4 _aالورنيش - معايير
650 0 4 _aاصباغ الطلاء
650 0 4 _aالطلاء
650 0 4 _aالدهانات
942 _2ddc
_cBK
999 _c6077
_d6077